000 00584nam a2200157 a 4500
001 000033181
005 20200930070100.0
008 110818s1950 dr 000 0 spa d
040 _aDO-SdBNP
_bspa
_cBNPHU
245 1 0 _aCuentos completos de Rubén Darío /
_cedición y notas de Ernesto Mejía Sánchez, estudio preliminar de Raimundo Lida.
260 _aBuenos Aires :
_bFondo de Cultura Económica,
_c1950
_fFondo de Nuevo Mundo
300 _a355 p. ;
_c24 cm.
490 1 _aLiteratura moderna vida y ficción
830 0 _aLiteratura moderna vida y ficción
_958819
049 _aBNPD
999 _c32672
_d32672